000 01560nam a2200469 i 4500
001 51802
003 KOSZ 005
005 20220602124713.0
008 060301s2006 pl a |001 0 pol
015 _aUWD 2006/9097
020 _a8301146346
020 _a9788301146344
035 _a991029781229705066
035 _a(PL-WaBN)b1803861x-48omnis_nlop
035 _ab1803861x
035 _a(OCoLC)749800719
035 _azz2006902494
035 _a(PL)b0000001803861
035 _a(EXLNZ-48OMNIS_NETWORK)9910512454205606
040 _aWA N
_cWA N
_dKOSZ 005/HR
046 _k2006
080 _a339.138:077
080 _a(075.8)
100 1 _aFrąckiewicz, Ewa
_c(organizacja i zarządzanie)
_eAutor
245 1 0 _aMarketing internetowy /
_cEwa Frąckiewicz.
260 _aWarszawa :
_bWydawnictwo Naukowe PWN,
_c2006.
300 _a124 s. :
_bil. ;
_c24 cm +
_edysk optyczny (CD-ROM).
336 _aTekst
_btxt
_2rdacontent
337 _aBez urządzenia pośredniczącego
_bn
_2rdamedia
338 _aWolumin
_bnc
_2rdacarrier
380 _aKsiążki
388 _a2001-
504 _aBibliogr. s. 117-119 i przy rozdz. Indeks.
650 7 _aMarketing cyfrowy
_2DBN
655 7 _aPodręczniki akademickie
_2DBN
658 _aInformatyka i technologie informacyjne
658 _aZarządzanie i marketing
710 2 _aWydawnictwo Naukowe PWN
_4pbl
856 _uhttp://koha.tu.koszalin.pl/cgi-bin/koha/opac-detail.pl?biblionumber=51802
_yKatalog online BPK
942 _2UKD
_cKS
999 _c51802
_d51802